=LDR 00000nam 2200000 4500 =001 INLIS000000000032249 =005 20130612134250 =008 ***********************************ind** =035 ##$$0010-061300000032249 =041 ##$$a ind =082 ##$$a 590.03 =090 ##$$a 590.03, Com h =100 ##$$a Communiti, Timas =245 ##$$a Hewan dan Tumbuhan , EnsiklopediPengetahuan Populer , Timas Communiti;Edtor Elien Tjandra =260 ##$$a [s.a] $b Bandung =300 ##$$a 64 hlm. , Illus , 25 cm =650 ##$$a Hewan dan Tumbuhan =700 ##$$a Tjandra, Ellen =850 ##$$a NBPNMAT